Statistics for Ivory Coast Football Team World Cup Starting XI

Click here to take the quiz!

General Stats

  • This quiz has been taken 435 times
  • The average score is 7 of 22

Answer Stats

Player% Correct
Didier Drogba
96%
Yaya Touré
84%
Kolo Touré
83%
Gervinho
65%
Salomon Kalou
60%
Serge Aurier
35%
Wilfried Bony
34%
Emmanuel Eboué
29%
Boubacar Barry
27%
Didier Zokora
24%
Arouna Koné
20%
Arthur Boka
17%
Aruna Dindane
17%
Cheick Tioté
17%
Kader Keïta
15%
Serey Die
15%
Siaka Tiéné
11%
Sol Bamba
10%
Guy Demel
7%
Abdoulaye Méïté
6%
Jean-Jacques Tizié
6%
Kanga Akale
4%

Score Distribution

Percentile by Number Answered

Percent of People with Each Score

Your Score History

You have not taken this quiz